000 00876nam a2200229Ii 4500
003 JO-AjNU
008 230605s9999||||xx |||||||||||||| ||und||
017 _a2012/5/1545
020 _a978-9957-06-925-4
040 _aJO-AjNU
_bara
_erda
_cJO-AjNU
041 _aara
050 1 4 _aDS62.8.S2 2013
100 3 _aتاليف صبرة، عفاف سيد، م. مشارك مصطفى محمد الحناوي,
_eauthor
_960882
245 0 0 _aحاضر العالم الإسلامي= the Recent Muslim World
250 _aط1
264 3 1 _aعمان: دار المسيرة للنشر والتوزيع، 2013
300 _a251ص
_bيحتوي على مراجع من ص347-352ص
336 _atext
_btxt
_2rdacontent
337 _aunmediated
_bn
_2rdamedia
338 _avolume
_bnc
_2rdacarrier
650 4 _aالبلدان الاسلامية - الاسلام - التاريخ
_960883
999 _aA27485
_c31053
_d31053